Textbook of human histology color atlas, hand-drawn illustrations and flowcharts with functional correlation (Record no. 393669)

MARC details
000 -LEADER
fixed length control field 00581 a2200193 4500
005 - DATE & TIME
control field 20251216113811.0
008 - FIXED-LENGTH DATA ELEMENTS--GENERAL INFORMATION
fixed length control field 251216b |||||||| |||| 00| 0 eng d
020 ## - ISBN
International Standard Book Number 9789354666889
Price Rs. 995.00
040 ## - CATALOGING SOURCE
Original cataloging agency VIVEKANANDA LIBRARY
082 ## - DDC NUMBER
Classification number 611.018
Book Number S21T(2)
100 ## - MAIN ENTRY--PERSONAL NAME
Personal name Sontakke, Yogesh Ashok
245 ## - TITLE STATEMENT
Title Textbook of human histology color atlas, hand-drawn illustrations and flowcharts with functional correlation
250 ## - EDITION STATEMENT
Edition statement 2nd
260 ## - PUBLICATION, DISTRIBUTION, ETC. (IMPRINT)
Name of publisher, distributor, etc CBS Publishers and Distributors
Date of publication, distribution, etc 2026
Place of publication, distribution, etc New Delhi
300 ## - PHYSICAL DESCRIPTION
Pages xvi, 370
650 ## - Subject
Subject Human Histology
650 ## - Subject
Subject Cell
942 ## - ADDED ENTRY ELEMENTS (KOHA)
Koha item type Books
Holdings
Withdrawn status Lost status Source of classification or shelving scheme Damaged status Not for loan Location (home branch) Sublocation or collection (holding branch) Shelving location Date acquired Koha issues (times borrowed) Koha full call number Accession No. Koha date last seen Koha item type
    Dewey Decimal Classification     VIVEKANANDA LIBRARY VIVEKANANDA LIBRARY Vivekananda Library 04/12/2025   611.018 S21T(2) 443539 04/12/2025 Books
    Dewey Decimal Classification     VIVEKANANDA LIBRARY VIVEKANANDA LIBRARY Vivekananda Library 04/12/2025   611.018 S21T(2) 443540 04/12/2025 Books
© Designed and Maintained by Vivekananda Library, MDU Rohtak